000 01283nam2a22003251 4500
001 v19\rc\1466808
005 20251113190140.0
035 _a(NLR Aleph) 004679037
090 _a3781386
_c3781386
100 _a20060620d1915 |||y0rusy50 ca
101 0 _arus
102 _aRU
105 _ay z |||||
200 1 _aПо ходатайству кр. Ростовского уезда, Николо-Пеньковской волости, деревни Новой Покровки Е.С. Паровщиковой о назначении пособия за службу мужа
210 _d1915
215 _a2 с.
461 0 _1001v19\rc\1466543
_12001#$aДоклады Ярославской губернской земской управы... Губернскому земскому собранию...$v... очередной сессии 1915 г.
702 1 _aПаровщикова
_bЕ. С.
_4570
801 0 _aRU
_bNLR
_gpsbo
801 0 _aRU
_bRuMoRGB
_2psbo
801 1 _aRU
_bProSoft-M
_2rusmarc
852 _aNLR
_bЗем
_j47/Д1
899 _aRuMoRGB
_jF 178/77
899 _aRuMoRGB
_jF 156/130
899 _aRuMoRGB
_jF 192/210
899 _aБАН
_z(1879-1916*)
899 _aГПИБ
_z(1897-1916*)
899 _aRuMoRGB
_jF 178/75
942 _cBOOK
980 _aNB